Rozpoznaj znanego aktora po zdjęciu #3 - Statystyki

Ogólne statystyki
  • Ten quiz został rozwiązany 59 razy
  • Średni wynik to 7 z 20
Statystyki odpowiedzi
Obrazkowy Odpowiedź % Poprawnych
Robert De Niro
83%
Hugh Jackman
67%
Timothée Chalamet
57%
Gary Oldman
50%
Tom Hiddleston
50%
Mads Mikkelsen
46%
Marlon Brando
46%
Ralph Fiennes
37%
Leslie Nielsen
33%
Zbigniew Cybulski
33%
Eddie Redmayne
30%
Austin Butler
28%
Dylan O'Brien
22%
Paul Newman
20%
Norman Reedus
17%
Tim Robbins
17%
Andrew Scott
13%
Michael Clarke Duncan
9%
Gabriel Macht
4%
Michael C. Hall
2%
Nie znaleziono quizów pasujących do podanych kryteriów
Rozkład punktacji
Procent ludzi z każdym wynikiem
Percentyl według liczby udzielonych odpowiedzi
Twoja historia wyników
Nie rozwiązałeś tego quizu